<?xml version="1.0" encoding="UTF-8"?><?xml-stylesheet type="text/xsl" href="static/style.xsl"?><OAI-PMH xmlns="http://www.openarchives.org/OAI/2.0/" xmlns:xsi="http://www.w3.org/2001/XMLSchema-instance" xsi:schemaLocation="http://www.openarchives.org/OAI/2.0/ http://www.openarchives.org/OAI/2.0/OAI-PMH.xsd"><responseDate>2026-04-13T04:12:41Z</responseDate><request verb="GetRecord" identifier="oai:www.recercat.cat:2099.1/21662" metadataPrefix="marc">https://recercat.cat/oai/request</request><GetRecord><record><header><identifier>oai:recercat.cat:2099.1/21662</identifier><datestamp>2025-07-22T15:58:51Z</datestamp><setSpec>com_2072_1033</setSpec><setSpec>col_2072_452951</setSpec></header><metadata><record xmlns="http://www.loc.gov/MARC21/slim" xmlns:dcterms="http://purl.org/dc/terms/" xmlns:xsi="http://www.w3.org/2001/XMLSchema-instance" xmlns:doc="http://www.lyncode.com/xoai" xsi:schemaLocation="http://www.loc.gov/MARC21/slim http://www.loc.gov/standards/marcxml/schema/MARC21slim.xsd">
   <leader>00925njm 22002777a 4500</leader>
   <datafield ind2=" " ind1=" " tag="042">
      <subfield code="a">dc</subfield>
   </datafield>
   <datafield ind2=" " ind1=" " tag="720">
      <subfield code="a">Velasques Ugarteche, Caroline</subfield>
      <subfield code="e">author</subfield>
   </datafield>
   <datafield ind2=" " ind1=" " tag="260">
      <subfield code="c">2013-06</subfield>
   </datafield>
   <datafield ind2=" " ind1=" " tag="520">
      <subfield code="a">In order to prevent corrosion on aluminium and aluminium alloys, many surface treatments have been developed, such as silane films, which are environmentally compliant coatings. During this work we investigate corrosive behaviour of aluminum alloys AA2024 in a NaCl 0.05mol L-1 coated with MEMO/Bis-EGMP/TiB, during the Part A and TEOS/ATMP/GPTMS during the Part B.&#xd;
The aluminium alloy substrates were pre-threated before the coating deposition. The silane coatings were applied using sol-gel system. After silane curing process, all the substrates were covered with a commercial epoxy coating in order to provide the topcoat protection before the samples immersion in the aggressive solution for corrosion tests (NaCl 3.5%).&#xd;
Electrochemical techniques were applied during Part A in order to evaluate the corrosion protection of silane coating. Microscope and optical analysis was carried on during this work to evaluate the film surface homogeneity and the presence or absence of defects. The samples prepared were tested under accelerated corrosion environment, which showed that the samples prepared on Part A of the present study did not have good protection performance. On the other hand, samples prepared during Part B showed excellent behaviour and the silane coating prepared from TEOS/ATMP/GPTMS system protected the aluminium surface from the aggressive corrosion medium. Adherence of silane system and also the topcoat applied is essential to obtain a long time protection. Therefore, pull-off tests were performed to confirm the efficacy of the coating adherence.</subfield>
   </datafield>
   <datafield ind2=" " ind1=" " tag="520">
      <subfield code="a">Incoming</subfield>
   </datafield>
   <datafield tag="653" ind2=" " ind1=" ">
      <subfield code="a">Àrees temàtiques de la UPC::Enginyeria dels materials::Metal·lúrgia</subfield>
   </datafield>
   <datafield tag="653" ind2=" " ind1=" ">
      <subfield code="a">Àrees temàtiques de la UPC::Enginyeria química::Indústries químiques</subfield>
   </datafield>
   <datafield tag="653" ind2=" " ind1=" ">
      <subfield code="a">Àrees temàtiques de la UPC::Enginyeria dels materials::Assaig de materials::Assaigs de corrosió</subfield>
   </datafield>
   <datafield tag="653" ind2=" " ind1=" ">
      <subfield code="a">Aluminum alloys -- Corrosion</subfield>
   </datafield>
   <datafield tag="653" ind2=" " ind1=" ">
      <subfield code="a">Protective coatings</subfield>
   </datafield>
   <datafield tag="653" ind2=" " ind1=" ">
      <subfield code="a">Organic compounds</subfield>
   </datafield>
   <datafield tag="653" ind2=" " ind1=" ">
      <subfield code="a">Inorganic compounds</subfield>
   </datafield>
   <datafield tag="653" ind2=" " ind1=" ">
      <subfield code="a">Colloids</subfield>
   </datafield>
   <datafield tag="653" ind2=" " ind1=" ">
      <subfield code="a">Alumini -- Aliatges -- Corrosió</subfield>
   </datafield>
   <datafield tag="653" ind2=" " ind1=" ">
      <subfield code="a">Revestiments protectors</subfield>
   </datafield>
   <datafield tag="653" ind2=" " ind1=" ">
      <subfield code="a">Compostos orgànics</subfield>
   </datafield>
   <datafield tag="653" ind2=" " ind1=" ">
      <subfield code="a">Compostos inorgànics</subfield>
   </datafield>
   <datafield tag="653" ind2=" " ind1=" ">
      <subfield code="a">Col·loides</subfield>
   </datafield>
   <datafield ind2="0" ind1="0" tag="245">
      <subfield code="a">Investigation on Corrosion Protection applying organic–inorganic sol–gel coatings on AA2024-T3</subfield>
   </datafield>
</record></metadata></record></GetRecord></OAI-PMH>